Equipes et Rosters MSI 2025 (LoL) - FR - Statistiques

Statistiques générales
  • Ce quiz a été pris 22 fois
  • Le résultat moyen est 47 sur 62
Statistiques - réponses
Seed Team % Correct
LPL #1 Team AL - Anyone's Legend
100%
LPL #2 Team BLG - Bilibili Gaming
100%
LEC #2 Team G2 - G2 Esports
100%
LCK #1 Team GEN - Gen.G
100%
LEC #1 Team MKOI - Movistar KOI
100%
LCK #2 Team T1
100%
LCK #1 Jgl Canyon
95%
LEC #2 Mid Caps
95%
LCK #1 Mid Chovy
95%
LCK #2 Top Doran
95%
LCK #2 Mid Faker
95%
LCK #2 ADC Gumayusi
95%
LTA South #1 Sup JoJo
95%
LEC #1 Mid Jojopyun
95%
LCK #2 Sup Keria
95%
LCK #1 Top Kiin
95%
LPL #2 Sup ON
95%
LCK #2 Jgl Oner
95%
LCK #1 ADC Ruler
95%
LEC #1 Sup Alvaro
90%
LPL #2 Top Bin
90%
LEC #2 Top BrokenBlade
90%
LCP #1 Team CFO - CTBC Flying Oyster
90%
LCK #1 Sup Duro
90%
LTA North #1 Team FLY - FlyQuest
90%
LEC #2 ADC Hans Sama
90%
LPL #2 Mid Knight
90%
LEC #2 Sup Labrov
90%
LEC #2 Jgl SkewMond
90%
LEC #1 ADC Supa
90%
LTA North #1 Sup Busio
85%
LPL #2 ADC Elk
85%
LPL #1 Top Flandre
85%
LCP #1 Mid HongQ
85%
LPL #1 Mid Shanks
85%
LPL #2 Jgl Beichuan
80%
LTA North #1 Top Bwipo
80%
LCP #1 ADC Doggo
80%
LEC #1 Jgl Elyoya
80%
LTA North #1 Jgl Inspired
80%
LPL #1 Sup Kael
80%
LTA North #1 ADC Massu
80%
LEC #1 Top Myrwn
80%
LTA North #1 Mid Quad
80%
LPL #1 Jgl Tarzan
80%
LCP #1 Top Driver
75%
LCP #2 Team GAM - GAM Esports
75%
LPL #1 ADC Hope
75%
LCP #1 Jgl JunJia
75%
LCP #2 Jgl Levi
70%
LCP #1 Top Rest
70%
LCP #1 Sup Kaiwing
65%
LTA South #1 Team FUR - FURIA
60%
LCP #2 Mid Emo
35%
LCP #2 Top Kiaya
30%
LTA South #1 Jgl Tatu
30%
LCP #2 ADC Artemis
10%
LCP #2 Sup Elio
5%
LTA South #1 Top Guigo
5%
LTA South #1 Mid Tutsz
5%
LCP #2 Mid Aress
0%
LTA South #1 ADC Ayu
0%
Aucun quiz correspondant
Distribution des résultats
% des personnes avec chaque résultat
Percentile par nombre de réponses
Votre historique - résultats
Vous n’avez pas pris ce quiz